Villes méditerranéennes sur la carte - Statistiques

Statistiques générales
  • Ce quiz a été pris 33 216 fois
  • Le résultat moyen est 20 sur 40
Réponses sur la Carte
Les réponses sont colorées sur une échelle allant du rouge au vert en fonction du pourcentage des utilisateurs qui les ont devinées à leur premier essai. Vous pouvez retrouver ces pourcentages ci-dessous.
 
Statistiques - réponses
Ville % Correct
Marseille
98%
Nice
95%
Barcelone
94%
Rome
92%
Alger
89%
Athènes
89%
Tunis
89%
Ajaccio
87%
Naples
83%
Venise
79%
Valence
67%
Gibraltar
65%
Alexandrie
64%
La Valette
64%
Palerme
64%
Tripoli
62%
Gênes
56%
Beyrouth
55%
Tel Aviv
54%
Ibiza
52%
Malaga
49%
Palma de Majorque
42%
Split
35%
Bari
34%
Cagliari
34%
Dubrovnik
32%
Thessalonique
32%
Catane
28%
Héraklion
28%
Izmir
26%
Trieste
25%
Alicante
23%
Antalya
19%
Rhodes
18%
Benghazi
16%
Haïfa
15%
Corfou
14%
Port-Saïd
11%
Larnaca
7%
Paphos
7%
Aucun quiz correspondant
Distribution des résultats
% des personnes avec chaque résultat
Percentile par nombre de réponses
Votre historique - résultats
Vous n’avez pas pris ce quiz